My Oh My - Camila Cabello Feat. DaBaby - All Lyrics - Statistics

General Stats
  • This quiz has been taken 64 times
  • The average score is 328 of 452
Answer Stats
Answer % Correct
oh
100%
(Oh)
100%
(Oh
100%
ooh)
100%
a
98%
A
98%
go)
98%
he
98%
He
98%
(He
98%
I)
98%
I
98%
I,
98%
(My
98%
my)
98%
My
98%
my
98%
My,
98%
my,
98%
(My,
98%
on
98%
be
96%
do
96%
Yeah,
94%
yeah
94%
yeah)
94%
(Yeah,
94%
her
92%
me,
90%
me
90%
when
90%
don't
88%
Don't
88%
for
88%
good
88%
(Good
88%
to
88%
at
85%
doesn't
85%
girl
85%
girl,
85%
girl)
85%
him
85%
let's
85%
(Let's
85%
then
85%
come
83%
like
83%
swear
83%
but
81%
little
81%
midnight
81%
night)
81%
one
81%
that
81%
That
81%
trust
81%
wanna
81%
bit
79%
comes
79%
(Every
79%
every
79%
mama
79%
(So
79%
the
79%
He's
77%
it
77%
it"
77%
life
77%
only
77%
say
77%
say,
77%
time
77%
am
75%
here
75%
in,
75%
likes
75%
thing,
75%
alive
73%
alive,
73%
been
73%
I've
73%
older,
73%
Tonight,
73%
and
71%
And
71%
said,
71%
let
69%
bad
67%
black
67%
jacket
67%
They
67%
reputation,
65%
leather
63%
you,
63%
you
63%
if
60%
I'm
60%
happen
58%
look
58%
Look,
58%
might
58%
she
58%
She
58%
was
58%
couldn't
56%
breathe,
54%
habits
52%
kissed
50%
DaBaby
46%
make
46%
"No
44%
no
44%
what
44%
insatiable
40%
onto
40%
daddy
38%
from
38%
please
35%
baby
33%
know
33%
type
33%
want,
33%
up
31%
turn
29%
whatever
29%
can
27%
hot
27%
kissing
27%
pop
27%
Pop
27%
star,
27%
fever
23%
gon'
23%
forget
21%
let's
21%
take
21%
learned
19%
off
19%
see
19%
tripping
19%
I'd
17%
keep
17%
end
15%
face
15%
shawty,
15%
with
15%
Bieber
13%
even
13%
going
13%
next
13%
out
13%
TV
13%
call
10%
came
10%
catchin'
10%
either
10%
had
10%
lil'
10%
wet
10%
Beamer
8%
new
8%
Stand
8%
away,
6%
car
6%
disrespect,
6%
meet
6%
or
6%
went
6%
buyin'
4%
gotta
4%
left
4%
pin
4%
point,
4%
whenever
4%
drop
2%
fresh
2%
safe
2%
trap
0%
No matching quizzes found
Score Distribution
Percent of People with Each Score
Percentile by Number Answered
Your Score History
You have not taken this quiz